Regulated markets in India with a special referenc (Record no. 536793)

MARC details
000 -LEADER
fixed length control field 00688nam a2200229Ia 4500
003 - CONTROL NUMBER IDENTIFIER
control field OSt
005 - DATE AND TIME OF LATEST TRANSACTION
control field 20220925200503.0
008 - FIXED-LENGTH DATA ELEMENTS--GENERAL INFORMATION
fixed length control field 220923b |||||||| |||| 00| 0 eng d
037 ## - SOURCE OF ACQUISITION
Terms of availability General Book
040 ## - CATALOGING SOURCE
Original cataloging agency RTL
Transcribing agency RTL
Language of cataloging eng
041 ## - LANGUAGE CODE
Source of code eng
Language code of text/sound track or separate title eng
100 ## - MAIN ENTRY--PERSONAL NAME
Personal name Singh L P
9 (RLIN) 48863
245 #0 - TITLE STATEMENT
Title Regulated markets in India with a special referenc
260 ## - PUBLICATION, DISTRIBUTION, ETC.
Place of publication, distribution, etc. delhi
Name of publisher, distributor, etc. Capital India
Date of publication, distribution, etc. 1983
300 ## - PHYSICAL DESCRIPTION
Extent ix, 353p. Bib p. 308-15,Appendix p. 316-46
Dimensions cm.
650 ## - SUBJECT ADDED ENTRY--TOPICAL TERM
Topical term or geographic name entry element Agricultural Industry
942 ## - ADDED ENTRY ELEMENTS (KOHA)
Classification part X9(J):515.273.N8, M3
Koha item type General Books
Source of classification or shelving scheme Colon Classification (CC)

No items available.

Copyright @ Delhi University Library System